书目信息 |
| 题名: |
大规模集成电路与微计算机
|
|
| 作者: | 黄敞 , 林达荃 , 伊春乐 主编 | |
| 分册: | 上册 | |
| 出版信息: | 北京 科学出版社 1985 |
|
| 页数: | 316页 | |
| 开本: | 26cm | |
| 丛书名: | ||
| 单 册: | ||
| 中图分类: | TN47 | |
| 科图分类: | ||
| 主题词: | 大规模集成电路 , 微型计算机 | |
| 电子资源: | ||
| ISBN: | ||
| 000 | 00772nam0 2200277 45 | |
| 001 | 0185020642 | |
| 005 | 20040519153611.7 | |
| 010 | @dCNY4.75 | |
| 091 | @a15031.680 | |
| 100 | @a19900921d1985 emky0chiy0121 ea | |
| 101 | 0 | @achi |
| 102 | @aCN@b110000 | |
| 105 | @ay a 000yy | |
| 106 | @ar | |
| 200 | 10 | @a大规模集成电路与微计算机@Ada gui mo ji cheng dian lu yu wei ji suan ji@h上册@f黄敞等主编 |
| 210 | @a北京@c科学出版社@d1985 | |
| 215 | @a316页@d26cm | |
| 606 | @a大规模集成电路 | |
| 606 | @a微型计算机 | |
| 690 | @aTN47@v3 | |
| 701 | 0 | @a黄敞@Ahuang chang@4主编 |
| 701 | 0 | @a林达荃@Alin da quan@4主编 |
| 701 | 0 | @a伊春乐@Ayi chun le@4主编 |
| 801 | 0 | @aCN@b深圳图书馆@c20040519 |
| 801 | 2 | @aCN@bNLC@c20040519 |
| 905 | @f2@b148123-124@dTN47@e49:1 | |
| 大规模集成电路与微计算机.上册/黄敞等主编.-北京:科学出版社,1985 |
| 316页;26cm |
| ISBN :CNY4.75 |
| ● |
| 相关链接 |
|
|
|
|
正题名:大规模集成电路与微计算机
索取号:TN47/49:1
 
预约/预借
| 序号 | 登录号 | 条形码 | 馆藏地/架位号 | 状态 | 备注 |
| 1 | 0148123 | 001354082 | 密集书库/ [索取号:TN47/49:1] | 在馆 | |
| 2 | 0148124 | 001353172 | 第三借阅区/ [索取号:TN47/49:1] | 在馆 | |
| 3 | 0148125 | 001353136 | 第二样本阅览室/ [索取号:TN47/49:1] | 在馆 |